[Event "Jastrzebie Zdroj op"]
[Site "Jastrzebie Zdroj"]
[Date "2018.08.24"]
[Round "8"]
[White "Myrmus, Mateusz"]
[Black "Tymrakiewicz, Rafal"]
[Result "0-1"]
[WhiteElo "1355"]
[BlackElo "2192"]
[PlyCount "96"]
[EventDate "2018.08.18"]
[EventType "swiss"]
[EventRounds "9"]
[EventCountry "POL"]
[SourceTitle "CBM 186 Extra"]
[Source "ChessBase"]
[SourceDate "2018.08.24"]
[SourceVersion "1"]
[SourceVersionDate "2018.08.24"]
[SourceQuality "1"]

1. e4 c6 2. d4 d5 3. Nc3 dxe4 4. Nxe4 Nf6 5. Nxf6+ gxf6 6. Nf3 Bg4 7. Be2 Nd7 8. Be3 Qc7 9. Qd2 e6 10. 0-0-0 b5 11. Ne1 Bxe2 12. Qxe2 Nb6 13. Nd3 Nd5 14. Nc5 Bxc5 15. dxc5 Qa5 16. Kb1 Nb4 17. a3 Nd5 18. Rhe1 0-0-0 19. Rd3 Rd7 20. Red1 Rhd8 21. Bd2 Qa4 22. Qe1 Rg8 23. g3 h5 24. Ba5 Qc4 25. Bb4 Qg4 26. Rd4 Qf5 27. R4d3 Rg4 28. f3 Rg8 29. Qe4 Qg6 30. Qxg6 fxg6 31. Re1 e5 32. Kc1 Re8 33. Bc3 Rde7 34. Rd2 f5 35. Kd1 Kd7 36. Rde2 e4 37. fxe4 Rxe4 38. Rxe4 Rxe4 39. Be5 Ne3+ 40. Rxe3 Rxe3 41. Bf4 Re4 42. c3 Ke6 43. b3 Kd5 44. Bd6 g5 45. Kd2 f4 46. gxf4 gxf4 47. Kd3 h4 48. Bc7 f3 0-1

[Event "Jastrzebie Zdroj op"]
[Site "Jastrzebie Zdroj"]
[Date "2018.08.18"]
[Round "1"]
[White "Myrmus, Mateusz"]
[Black "Drozniak, Stanislaw"]
[Result "1-0"]
[WhiteElo "1355"]
[BlackElo "2062"]
[PlyCount "79"]
[EventDate "2018.08.18"]
[EventType "swiss"]
[EventRounds "9"]
[EventCountry "POL"]
[SourceTitle "CBM 186 Extra"]
[Source "ChessBase"]
[SourceDate "2018.08.24"]
[SourceVersion "1"]
[SourceVersionDate "2018.08.24"]
[SourceQuality "1"]

1. e4 c5 2. c3 d5 3. exd5 Nf6 4. Bb5+ Nbd7 5. c4 a6 6. Ba4 b5 7. cxb5 Nb6 8. bxa6+ Nxa4 9. Qxa4+ Qd7 10. Nc3 Bxa6 11. Qxd7+ Kxd7 12. Nf3 Rb8 13. Ne5+ Ke8 14. d3 Rd8 15. Be3 Nxd5 16. 0-0-0 f6 17. Nc4 Nb4 18. b3 e5 19. a3 Nxd3+ 20. Kc2 Nf4 21. Bxf4 Rxd1 22. Rxd1 exf4 23. Nd5 Bxc4 24. bxc4 Bd6 25. Nxf6+ gxf6 26. Rxd6 Ke7 27. Rd5 Rg8 28. g3 fxg3 29. fxg3 Ra8 30. Rxc5 Rxa3 31. Rc7+ Kd6 32. Rxh7 Kc5 33. Rh4 Kb4 34. Kd2 f5 35. Ke2 f4 36. Rxf4 Ra2+ 37. Kf3 Rxh2 38. Kg4 Kc5 39. Kg5 Kd6 40. Re4 1-0